000 00364nam a22001337a 4500
082 _a823
_bSHI/S
100 _aSHIRE, POPPY
245 _aSTAR - MAGIC PONY CAROUSEL-ANIMAL ARC
246 _aSTAR - MAGIC PONY CAROUSEL-ANIMAL ARC
_bSTAR - MAGIC PONY CAROUSEL-ANIMAL ARC
260 _aLONDON
_bMACMILLAN
_c2006
300 _a84
650 _aENGLISH STORY
942 _cBK
999 _c8895
_d8895